Laddar...
Advanced Counselling Techniques
| Huvudupphovsman: | |
|---|---|
| Övriga upphovsmän: | |
| Materialtyp: | Printed Book |
| Språk: | Undetermined |
| Publicerad: |
PACIFIC BOOKS INTERNATIONAL,
2014
|
| Ämnen: |
| LEADER | 00513nam a2200145Ia 4500 | ||
|---|---|---|---|
| 008 | 200324s9999 xx 000 0 und d | ||
| 082 | |a 371.4 |b SEH-C | ||
| 100 | |a Sehgal, Varun K | ||
| 245 | 0 | |a Advanced Counselling Techniques | |
| 260 | |b PACIFIC BOOKS INTERNATIONAL, |c 2014 | ||
| 650 | |a Guidance and counseling-- Education | ||
| 700 | |a Krishnaprasad, R | ||
| 942 | |c BK | ||
| 999 | |c 285660 |d 285660 | ||
| 952 | |0 0 |1 0 |4 0 |6 371_400000000000000_SEHC |7 0 |9 304201 |a SDE |b SDE |d 2014-10-16 |l 0 |o 371.4 SEH-C |p SDE21329 |r 2020-03-27 |w 2020-03-27 |y BK | ||